Le gout
Αποθηκεύτηκε σε:
| Κύριος συγγραφέας: | |
|---|---|
| Άλλοι συγγραφείς: | , |
| Μορφή: | Βιβλίο |
| Γλώσσα: | French Spanish |
| Δημοσίευση: |
Paris :
Bordas,
1984.
|
| Σειρά: | La bibliotheque des tout-petits
|
| Θέματα: | |
| Ετικέτες: |
Προσθήκη ετικέτας
Δεν υπάρχουν, Καταχωρήστε ετικέτα πρώτοι!
|
MARC
| LEADER | 00000cam a2200000 i 4500 | ||
|---|---|---|---|
| 001 | 1/70915 | ||
| 008 | 970722s1984 fr | ||| |||| ||fre|| | ||
| 020 | |a 204015342X | ||
| 035 | |a 1993 |b 1 |c Χατζηνικήτα |l 10030794 | ||
| 040 | |a GR-MyUa |b gre |e AACR2 | ||
| 041 | 1 | |a fre |h spa | |
| 082 | 7 | |a 612.87 |2 (22) | |
| 100 | 1 | |a Rius, Maria. | |
| 245 | 1 | 3 | |a Le gout / |c Maria Rius, J.M. Parramon, J.J. Puig. |
| 260 | |a Paris : |b Bordas, |c 1984. | ||
| 300 | |a 28 σ. : |b έγχρωμ. εικ. ; |c 21 εκ. | ||
| 490 | 1 | |a (La bibliotheque des tout-petits) | |
| 500 | |a Τίτλος πρωτοτύπου: El gusto. | ||
| 650 | 0 | |a Taste |x Juvenile literature. | |
| 650 | 0 | |a Taste. | |
| 650 | 0 | |a Tongue. | |
| 650 | 0 | |a Senses and sensation. | |
| 700 | 1 | |a Parramon, Jose Maria. | |
| 700 | 1 | |a Puig, J. J. | |
| 830 | 0 | |a La bibliotheque des tout-petits | |
| 852 | |a INST |b RHODES |e 19970722 |h 612.87 ROU |p 005400009391 |q 005400009391 |t BK |y 0 | ||
| 970 | |z 1997/07/22 | ||